=LDR 00000nam 2200000 4500 =001 INLIS000000000030255 =005 20210408073233 =035 ##$$a 0010-061300000030255 =008 210408################g##########0#ind## =041 ##$$a ind =082 ##$$a 338.160 959 8 =090 ##$$a 338.160 959 8, AGR a =245 ##$$a Agribisnis di Indonesia /$c Direktorat Pengelolaan Informasi Perekonomian Lembaga Informasi Nasional =260 ##$$a Jakarta :$b Direktorat Pengelolaan Informasi Perekonomian Lembaga Informasi Nasional,$c 2001 =300 ##$$a iv, 102 hlm. ; $c 21 x 15 cm. =650 #4$$a Usaha Tani-Indonesia =850 ##$$a NBPNMAT =084 ##$$a 338.160 959 8 AGR a =700 #$$a Direktorat Pengelolaan Informasi Perekonomian Lembaga Informasi Nasional =990 ##$$a 168.316/HD.2002 =990 ##$$a 168.317/Hd-2002